LEADER 01370nam 2200409 450 001 000001086 005 20070503173300.0 100 $a--------d1945----km-y0itay0103----ba 101 0 $aeng 102 $aUS 200 1 $a<> best American humorous short stories$fedited ,with an introductory note by Robert N. Linscott 200 1 $a1 $n0004007 210 $cRandom House$dc1945 215 $aX,436 p.$d18 cm. 225 1 $a<> modern library 606 $aUmorismo americano 676 $a818 702 1$aLinscott,$bRobert N. 801 0$aIT$bUniversitą della Basilicata - B.I.A.$gRICA$2unimarc 912 $a000001086 996 $aBest American humorous short stories$970257 997 $aUNIBAS BAS $aMONLET BAS $aMONOGR BAS $aLETTERE CAT $aGLAGUARDIA$b01$c19990706$lBAS01$h1333 CAT $aDILEO$b20$c19990707$lBAS01$h1136 CAT $c20000920$lBAS01$h1828 CAT $c20001010$lBAS01$h1631 CAT $c20050601$lBAS01$h1752 CAT $abatch$b01$c20050718$lBAS01$h1047 CAT $c20050718$lBAS01$h1106 CAT $c20050718$lBAS01$h1136 CAT $c20050718$lBAS01$h1150 CAT $aBATCH$b00$c20070503$lBAS01$h1733 FMT Z30 -1$lBAS01$LBAS01$mBOOK$1BASA1$APolo Storico-Umanistico$2GEN$BCollezione generale$3FP/2025$9FP/2025$62025$5L2025$819990706$f02$FPrestabile Generale LEADER 01364nam 2200433 450 001 9910270908203321 005 20180131085150.0 010 $a1-119-42405-4 010 $a1-5231-2163-7 010 $a1-119-42367-8 010 $a1-119-42407-0 035 $a(CKB)4100000000981130 035 $a(MiAaPQ)EBC5317478 035 $a(PPN)234192224 035 $a(EXLCZ)994100000000981130 100 $a20180327h20182018 uy 0 101 0 $aeng 135 $aurcnu|||||||| 181 $2rdacontent 182 $2rdamedia 183 $2rdacarrier 200 10$aIndustrial chemistry of oxides for emerging applications /$fLech Pawlowski, Philippe Blanchart 210 1$aHoboken, New Jersey :$cWiley,$d2018. 210 4$d©2018 215 $a1 online resource (385 pages) $cillustrations (some color), graphs, charts, tables 311 $a1-119-42362-7 320 $aIncludes bibliographical references at the end of each chapters and index. 606 $aOxides$xIndustrial applications 615 0$aOxides$xIndustrial applications. 676 $a549.5 700 $aPaw?owski$b Lech$0964143 702 $aBlanchart$b Philippe 801 0$bMiAaPQ 801 1$bMiAaPQ 801 2$bMiAaPQ 906 $aBOOK 912 $a9910270908203321 996 $aIndustrial chemistry of oxides for emerging applications$92793177 997 $aUNINA